All Capitals of the Philippines, Ever - Statistics

General Stats
  • This quiz has been taken 7 times
  • The average score is 1 of 23
Answer Stats
Duration Period City % Correct
1571-1762 Manila
83%
Angeles
17%
{Tarlac} City
17%
1762-1764 BritOcc Bacolor
0%
1898 Bacoor
0%
1944-1945 Baguio
0%
Bamban
0%
Bayambang
0%
Bayombong
0%
Cabanatuan
0%
1898 Cavite El Viejo
0%
1565-1569 SEI {Cebu} City
0%
1941-1942 CotP {Corregidor} Island
0%
1569-1571 {Iloilo} City
0%
1900 Lubuagan
0%
1898-1899 Malolos
0%
1976-Present Metro Manila
0%
1900-1901 Palanan
0%
1948-1976 Quezon City
0%
1897 RevPer San Francisco de Malabon
0%
1899 MalBes San Isidro
0%
1897-1898 San Miguel
0%
1944-1945 Tacloban
0%
No matching quizzes found
Score Distribution
Percent of People with Each Score
Percentile by Number Answered
Your Score History
You have not taken this quiz